000 00357nam a2200133Ia 4500
005 20260326100026.0
008 260326s9999||||xx |||||||||||||| ||und||
100 _aJoedicke, Jürgen
245 0 _aArquitectura Contemporánea :
_b Evolución y tendencias /
_cJürgen Joedicke
260 _bGustavo Gili
300 _a184 p.
650 _aHISTORIA
942 _cBK
999 _c6400
_d6400